| 000 | 00891cam a22002891 4500 | ||
|---|---|---|---|
| 001 | agr50000424 | ||
| 003 | DLC | ||
| 005 | 20260227111013.0 | ||
| 008 | 750909s1950 xx 000 0 eng | ||
| 010 | _aagr50000424 | ||
| 015 | _aGB50-2893 | ||
| 035 | _a(OCoLC)1611073 | ||
| 040 |
_aDLC _cFM _dUk _dDLC |
||
| 050 | 0 | 0 |
_aSF239 _b.R585 1950 |
| 082 | _a637.1 | ||
| 100 | 1 |
_aRoadhouse, Chester Linwood, _d1881- |
|
| 245 | 1 | 4 |
_aThe market-milk industry, _cby Chester Linwood Roadhouse and James Lloyd Henderson. |
| 250 | _a2d ed. | ||
| 260 |
_aNew York, _bMcGraw-Hill, _c1950. |
||
| 300 |
_axviii, 716 p. _billus., maps. _c24 cm. |
||
| 440 | 0 | _aMcGraw-Hill publications in the agricultural sciences | |
| 500 | _a"References" at end of each chapter. | ||
| 650 | 0 | _aDairying. | |
| 650 | 0 | _aMilk. | |
| 650 | 0 | _aDairy products. | |
| 700 | 1 |
_aHenderson, James Lloyd, _d1899- _ejoint author. |
|
| 999 |
_c11174 _d11174 |
||